Sports Quiz

Random Sports or Football Quiz

Overlapping NFL Names II Quiz Stats

 Plays Quiz Updated Oct 29, 2019

Score 0/40 Timer 06:00
0 Plays Today
Person(s) A Overlapping Name % Correct
Emmitt, JimmySmith
83.7%
CraigJay
82.1%
Cameron, MelTom
81.7%
Chris, GerardWarren
80.2%
ChristineMichael
79.9%
Adam, Chris, DougTerry
77.9%
ArtDonovan
77%
Greg, LouMark
76.8%
Damarious, GregRandall
75.9%
Cam, Derek, NateNewton
75.5%
Frank, Jim, MattRyan
75.3%
MorganTrent
74.8%
David, PatTerrell
72.1%
StanleyRichard
72%
CharlesClinton
70.5%
Bill, PatrickWillis
67.9%
Chris, HinesWard
65.9%
Al, FrancoHarris
64.9%
Reggie, RoddyWhite
64.5%
Curtis, TonyMartin
62.4%
Person(s) A Overlapping Name % Correct
JimDick
61.9%
Fred, JimTaylor
61.4%
PeriaJerry
59.1%
Nate, ReggieWayne
54.2%
Dick, RichardTodd
51.1%
WaltCorey
50.6%
Ed, JackKeenan
47.7%
Doug, George, KellenWinslow
45.3%
Gary, WaltGarrison
44.5%
Bob, Brian, Dennis, JimKelly
38.3%
AhmadRashad
33.6%
Ashlee, Carson, DerrellPalmer
31.9%
Larry, Russell, 'Wildcat'Wilson
30.3%
Antonio, JoshFreeman
27.4%
Bruce, MichaelIrvin
27.3%
EricJack
25.1%
Andrae, DennisThurman
17.6%
DaveHerman
17.3%
LawrencePete
9.3%
Bill, RickeyDudley
1.5%

You're not logged in!

Compare scores with friends on all Sporcle quizzes.
OR
Log In

Sporcle TV

Today on Sporcle TV


Watch our educational content, quiz creation guides, and fun videos on Sporcle TV.

Show Comments

Extras

Top Quizzes Today


Score Distribution

Your Account Isn't Verified!

In order to create a playlist on Sporcle, you need to verify the email address you used during registration. Go to your Sporcle Settings to finish the process.

Report this User

Report this user for behavior that violates our Community Guidelines.

Details: